<?xml version="1.0" encoding="UTF-8"?>
<record
    xmlns:xsi="http://www.w3.org/2001/XMLSchema-instance"
    xsi:schemaLocation="http://www.loc.gov/MARC21/slim http://www.loc.gov/standards/marcxml/schema/MARC21slim.xsd"
    xmlns="http://www.loc.gov/MARC21/slim">

  <leader>01639cam a2200481 ia4500</leader>
  <controlfield tag="001">zz2006849872</controlfield>
  <controlfield tag="003">NUKAT</controlfield>
  <controlfield tag="005">20260410203918.0</controlfield>
  <controlfield tag="008">060531s1840    pl           |000 0 pol c</controlfield>
  <datafield tag="035" ind1=" " ind2=" ">
    <subfield code="a">(OCoLC)749709922</subfield>
  </datafield>
  <datafield tag="035" ind1=" " ind2=" ">
    <subfield code="a">(NUKAT)zz2006849872</subfield>
  </datafield>
  <datafield tag="040" ind1=" " ind2=" ">
    <subfield code="a">POZN U/JG</subfield>
    <subfield code="c">POZN U/JG</subfield>
    <subfield code="d">POZN U/RD</subfield>
    <subfield code="d">POZN U/J&#x141;s</subfield>
    <subfield code="d">WR O/KP</subfield>
    <subfield code="d">WR O/PG</subfield>
  </datafield>
  <datafield tag="041" ind1="0" ind2=" ">
    <subfield code="a">pol</subfield>
    <subfield code="a">lat</subfield>
  </datafield>
  <datafield tag="045" ind1="2" ind2=" ">
    <subfield code="b">d0965</subfield>
    <subfield code="b">d1400</subfield>
  </datafield>
  <datafield tag="046" ind1=" " ind2=" ">
    <subfield code="k">1839</subfield>
  </datafield>
  <datafield tag="099" ind1=" " ind2=" ">
    <subfield code="a">tn_467114</subfield>
  </datafield>
  <datafield tag="100" ind1="1" ind2=" ">
    <subfield code="a">Wiszniewski, Micha&#x142;</subfield>
    <subfield code="d">(1794-1865).</subfield>
    <subfield code="9">39837</subfield>
  </datafield>
  <datafield tag="245" ind1="1" ind2="0">
    <subfield code="a">Micha&#x142;a Wiszniewskiego Historya literatury polskiej.</subfield>
    <subfield code="n">T. 1-.</subfield>
  </datafield>
  <datafield tag="246" ind1="3" ind2="0">
    <subfield code="a">Historya literatury polskiej</subfield>
  </datafield>
  <datafield tag="246" ind1="3" ind2=" ">
    <subfield code="a">Historia literatury polskiej</subfield>
  </datafield>
  <datafield tag="260" ind1=" " ind2=" ">
    <subfield code="a">Krak&#xF3;w :</subfield>
    <subfield code="b">nak&#x142;. autora,</subfield>
    <subfield code="c">1840-</subfield>
    <subfield code="e">(Krak&#xF3;w :</subfield>
    <subfield code="f">Druk. S. Gieszkowskiego).</subfield>
  </datafield>
  <datafield tag="300" ind1=" " ind2=" ">
    <subfield code="a">Wol. ;</subfield>
    <subfield code="c">22 cm.</subfield>
  </datafield>
  <datafield tag="336" ind1=" " ind2=" ">
    <subfield code="a">Tekst</subfield>
    <subfield code="b">txt</subfield>
    <subfield code="2">rdacontent</subfield>
  </datafield>
  <datafield tag="337" ind1=" " ind2=" ">
    <subfield code="a">Bez urz&#x105;dzenia po&#x15B;rednicz&#x105;cego</subfield>
    <subfield code="b">n</subfield>
    <subfield code="2">rdamedia</subfield>
  </datafield>
  <datafield tag="338" ind1=" " ind2=" ">
    <subfield code="a">Wolumin</subfield>
    <subfield code="b">nc</subfield>
    <subfield code="2">rdacarrier</subfield>
  </datafield>
  <datafield tag="380" ind1=" " ind2=" ">
    <subfield code="a">Ksi&#x105;&#x17C;ki</subfield>
  </datafield>
  <datafield tag="388" ind1="1" ind2=" ">
    <subfield code="a">1801-1900</subfield>
  </datafield>
  <datafield tag="500" ind1=" " ind2=" ">
    <subfield code="a">T. 9-10 nak&#x142;. Aleksandra Prze&#x17A;dzieckiego, w Drukarni "Czasu".</subfield>
  </datafield>
  <datafield tag="510" ind1="4" ind2=" ">
    <subfield code="a">Estr. XIX,</subfield>
    <subfield code="c">t. 5, s. 107</subfield>
  </datafield>
  <datafield tag="546" ind1=" " ind2=" ">
    <subfield code="a">Tekst cz&#x119;&#x15B;c. &#x142;ac.</subfield>
  </datafield>
  <datafield tag="648" ind1=" " ind2="7">
    <subfield code="a">1001-1100</subfield>
    <subfield code="2">DBN</subfield>
    <subfield code="9">37677</subfield>
  </datafield>
  <datafield tag="648" ind1=" " ind2="7">
    <subfield code="a">1101-1200</subfield>
    <subfield code="2">DBN</subfield>
    <subfield code="9">36862</subfield>
  </datafield>
  <datafield tag="648" ind1=" " ind2="7">
    <subfield code="a">1201-1300</subfield>
    <subfield code="2">DBN</subfield>
    <subfield code="9">36031</subfield>
  </datafield>
  <datafield tag="648" ind1=" " ind2="7">
    <subfield code="a">1301-1400</subfield>
    <subfield code="2">DBN</subfield>
    <subfield code="9">35871</subfield>
  </datafield>
  <datafield tag="648" ind1=" " ind2="7">
    <subfield code="a">901-1000</subfield>
    <subfield code="2">DBN</subfield>
    <subfield code="9">37680</subfield>
  </datafield>
  <datafield tag="650" ind1=" " ind2="7">
    <subfield code="a">Literatura polska</subfield>
    <subfield code="2">DBN</subfield>
    <subfield code="9">34964</subfield>
  </datafield>
  <datafield tag="650" ind1=" " ind2="7">
    <subfield code="a">Literatura polsko-&#x142;aci&#x144;ska</subfield>
    <subfield code="2">DBN</subfield>
    <subfield code="9">39838</subfield>
  </datafield>
  <datafield tag="650" ind1=" " ind2="7">
    <subfield code="a">Literatura polska</subfield>
    <subfield code="x">historia i krytyka.</subfield>
    <subfield code="2">kaba</subfield>
    <subfield code="9">351</subfield>
  </datafield>
  <datafield tag="658" ind1=" " ind2=" ">
    <subfield code="a">Historia</subfield>
  </datafield>
  <datafield tag="658" ind1=" " ind2=" ">
    <subfield code="a">Literaturoznawstwo</subfield>
  </datafield>
  <datafield tag="700" ind1="1" ind2=" ">
    <subfield code="a">Przezdziecki, Aleksander</subfield>
    <subfield code="d">(1814-1871).</subfield>
    <subfield code="e">Wyd.</subfield>
    <subfield code="9">11777</subfield>
  </datafield>
  <datafield tag="942" ind1=" " ind2=" ">
    <subfield code="2">ddc</subfield>
    <subfield code="c">BK_NM</subfield>
  </datafield>
  <datafield tag="999" ind1=" " ind2=" ">
    <subfield code="c">27518</subfield>
    <subfield code="d">27518</subfield>
  </datafield>
  <datafield tag="952" ind1=" " ind2=" ">
    <subfield code="0">0</subfield>
    <subfield code="1">0</subfield>
    <subfield code="2">ddc</subfield>
    <subfield code="4">0</subfield>
    <subfield code="7">0</subfield>
    <subfield code="8">PBKH</subfield>
    <subfield code="a">BIP</subfield>
    <subfield code="b">PBKH</subfield>
    <subfield code="d">2026-04-10</subfield>
    <subfield code="e">D-33/1963</subfield>
    <subfield code="f">D</subfield>
    <subfield code="h">T. 1.- 1840. - XVIII, 466 s.</subfield>
    <subfield code="i">15325/1</subfield>
    <subfield code="l">0</subfield>
    <subfield code="o">15325/1</subfield>
    <subfield code="p">IPWK23742</subfield>
    <subfield code="r">2026-04-10 20:42:30</subfield>
    <subfield code="w">2026-04-10</subfield>
    <subfield code="y">BK_NM</subfield>
  </datafield>
  <datafield tag="952" ind1=" " ind2=" ">
    <subfield code="0">0</subfield>
    <subfield code="1">0</subfield>
    <subfield code="2">ddc</subfield>
    <subfield code="4">0</subfield>
    <subfield code="7">0</subfield>
    <subfield code="8">PBKH</subfield>
    <subfield code="a">BIP</subfield>
    <subfield code="b">PBKH</subfield>
    <subfield code="d">2026-04-10</subfield>
    <subfield code="e">D-33/1963</subfield>
    <subfield code="f">D</subfield>
    <subfield code="h">T. 2.- 1840. - [8], XIII, 488 s.</subfield>
    <subfield code="i">15325/2</subfield>
    <subfield code="l">0</subfield>
    <subfield code="o">15325/2</subfield>
    <subfield code="p">IPWK23743</subfield>
    <subfield code="r">2026-04-10 20:46:53</subfield>
    <subfield code="w">2026-04-10</subfield>
    <subfield code="y">BK_NM</subfield>
  </datafield>
  <datafield tag="952" ind1=" " ind2=" ">
    <subfield code="0">0</subfield>
    <subfield code="1">0</subfield>
    <subfield code="2">ddc</subfield>
    <subfield code="4">0</subfield>
    <subfield code="7">0</subfield>
    <subfield code="8">PBKH</subfield>
    <subfield code="a">BIP</subfield>
    <subfield code="b">PBKH</subfield>
    <subfield code="d">2026-04-10</subfield>
    <subfield code="e">K-195/1971</subfield>
    <subfield code="f">K</subfield>
    <subfield code="h">T. 3.- 1841. - [4], XVI, 512 s.</subfield>
    <subfield code="i">15325/3</subfield>
    <subfield code="l">0</subfield>
    <subfield code="o">15325/3</subfield>
    <subfield code="p">IPWK23744</subfield>
    <subfield code="r">2026-04-10 20:46:00</subfield>
    <subfield code="w">2026-04-10</subfield>
    <subfield code="y">BK_NM</subfield>
  </datafield>
  <datafield tag="952" ind1=" " ind2=" ">
    <subfield code="0">0</subfield>
    <subfield code="1">0</subfield>
    <subfield code="2">ddc</subfield>
    <subfield code="4">0</subfield>
    <subfield code="7">0</subfield>
    <subfield code="8">PBKH</subfield>
    <subfield code="a">BIP</subfield>
    <subfield code="b">PBKH</subfield>
    <subfield code="d">2026-04-10</subfield>
    <subfield code="e">K-156/1972</subfield>
    <subfield code="f">K</subfield>
    <subfield code="h">T. 4.- 1842. - [6], V, 482 s.</subfield>
    <subfield code="i">15325/4</subfield>
    <subfield code="l">0</subfield>
    <subfield code="o">15325/4</subfield>
    <subfield code="p">IPWK23745</subfield>
    <subfield code="r">2026-04-10 20:46:00</subfield>
    <subfield code="w">2026-04-10</subfield>
    <subfield code="y">BK_NM</subfield>
  </datafield>
  <datafield tag="952" ind1=" " ind2=" ">
    <subfield code="0">0</subfield>
    <subfield code="1">0</subfield>
    <subfield code="2">ddc</subfield>
    <subfield code="4">0</subfield>
    <subfield code="7">0</subfield>
    <subfield code="8">PBKH</subfield>
    <subfield code="a">BIP</subfield>
    <subfield code="b">PBKH</subfield>
    <subfield code="d">2026-04-10</subfield>
    <subfield code="e">K-195/1971</subfield>
    <subfield code="f">K</subfield>
    <subfield code="h">T. 5.- 1843. - [6], XVI, 375 s.</subfield>
    <subfield code="i">15325/5</subfield>
    <subfield code="l">0</subfield>
    <subfield code="o">15325/5</subfield>
    <subfield code="p">IPWK23746</subfield>
    <subfield code="r">2026-04-10 20:46:00</subfield>
    <subfield code="w">2026-04-10</subfield>
    <subfield code="y">BK_NM</subfield>
  </datafield>
  <datafield tag="952" ind1=" " ind2=" ">
    <subfield code="0">0</subfield>
    <subfield code="1">0</subfield>
    <subfield code="2">ddc</subfield>
    <subfield code="4">0</subfield>
    <subfield code="7">0</subfield>
    <subfield code="8">PBKH</subfield>
    <subfield code="a">BIP</subfield>
    <subfield code="b">PBKH</subfield>
    <subfield code="d">2026-04-10</subfield>
    <subfield code="e">K-195/1971</subfield>
    <subfield code="f">K</subfield>
    <subfield code="h">T. 6.- 1844. - [6], XVI, 623 s.</subfield>
    <subfield code="i">15325/6</subfield>
    <subfield code="l">0</subfield>
    <subfield code="o">15325/6</subfield>
    <subfield code="p">IPWK23747</subfield>
    <subfield code="r">2026-04-10 21:25:58</subfield>
    <subfield code="w">2026-04-10</subfield>
    <subfield code="y">BK_NM</subfield>
  </datafield>
  <datafield tag="952" ind1=" " ind2=" ">
    <subfield code="0">0</subfield>
    <subfield code="1">0</subfield>
    <subfield code="2">ddc</subfield>
    <subfield code="4">0</subfield>
    <subfield code="7">0</subfield>
    <subfield code="8">PBKH</subfield>
    <subfield code="a">BIP</subfield>
    <subfield code="b">PBKH</subfield>
    <subfield code="d">2026-04-10</subfield>
    <subfield code="e">K-74/2006</subfield>
    <subfield code="f">K</subfield>
    <subfield code="h">T. 8.- 1851. - [6], IV, 503 s.</subfield>
    <subfield code="i">15325/8</subfield>
    <subfield code="l">0</subfield>
    <subfield code="o">15325/8</subfield>
    <subfield code="p">IPWK23748</subfield>
    <subfield code="r">2026-04-10 21:29:00</subfield>
    <subfield code="w">2026-04-10</subfield>
    <subfield code="y">BK_NM</subfield>
    <subfield code="z">Brak s. tyt.</subfield>
  </datafield>
  <datafield tag="952" ind1=" " ind2=" ">
    <subfield code="0">0</subfield>
    <subfield code="1">0</subfield>
    <subfield code="2">ddc</subfield>
    <subfield code="4">0</subfield>
    <subfield code="7">0</subfield>
    <subfield code="8">PBKH</subfield>
    <subfield code="a">BIP</subfield>
    <subfield code="b">PBKH</subfield>
    <subfield code="d">2026-04-10</subfield>
    <subfield code="e">K-91/1989</subfield>
    <subfield code="f">K</subfield>
    <subfield code="h">T. 9.- 1857. - [4], IV, 585 s.</subfield>
    <subfield code="i">15325/9</subfield>
    <subfield code="l">0</subfield>
    <subfield code="o">15325/9</subfield>
    <subfield code="p">IPWK23749</subfield>
    <subfield code="r">2026-04-10 21:32:00</subfield>
    <subfield code="w">2026-04-10</subfield>
    <subfield code="y">BK_NM</subfield>
  </datafield>
</record>
